| 000 | 00691nam a2200277Ia 4500 | ||
|---|---|---|---|
| 003 | OSt | ||
| 005 | 20221007111926.0 | ||
| 006 | a|||||r|||| 00| 0 | ||
| 007 | ta | ||
| 008 | 221006b |||||||| |||| 00| 0 eng d | ||
| 024 | _a24,545 | ||
| 037 | _cTextual | ||
| 040 |
_aLCO _cLCO _beng |
||
| 041 |
_2eng _aeng |
||
| 082 | _aX8(A):Z, Q0 | ||
| 100 | _aKumar H.L. | ||
| 245 | 0 | _aLabour and Industrial Law.2V | |
| 250 | _a5th | ||
| 260 |
_aNew _bDelhi Universal Law Publishing Co. India _c2010 |
||
| 300 | _a3888 | ||
| 490 | _vI | ||
| 650 | _a INDUSTRIAL LAW | ||
| 650 | _aLABOUR | ||
| 942 |
_hX8(A):Z, Q0 _cTEXL |
||
| 999 |
_c1194108 _d1194108 |
||